Apuntes : curso sobre la problemática actual /
Gespeichert in:
| Format: | Buch |
|---|---|
| Sprache: | Spanisch |
| Schlagworte: | |
| Tags: |
Keine Tags, Fügen Sie das erste Tag hinzu!
|
MARC
| LEADER | 00000nam^a2200000^a^4500 | ||
|---|---|---|---|
| 001 | 000392658 | ||
| 005 | 20250521000000.0 | ||
| 009 | 20260310121247.999 | ||
| 037 | |a Acervo ITESO - Biblioteca | ||
| 041 | |a ESP | ||
| 082 | |a 972. 85 |b APU V. 2 | ||
| 240 | 1 | 1 | |a [Apuntes de historia de Nicaragua] |
| 245 | 0 | 0 | |a Apuntes : |b curso sobre la problemática actual / |
| 264 | |a Managua, Nicaragua : |b Universidad Nacional Autónoma de Nicaragua, Departamento de Ciencias Sociales : |b Universidad Centroamericana, Departamento de Historia : |b Universidad Centroamericana, Movimiento Alumnos Ayudantes, |c 1981 | ||
| 300 | |a 274 p. | ||
| 336 | |a texto |b txt |2 rdacontenido | ||
| 337 | |a sin mediación |b n |2 rdamedio | ||
| 338 | |a volumen |b nc |2 rdasoporte | ||
| 561 | |a Obra autografiada por Luis Serra para Carlos Núñez Hurtado y Graciela Bustillos de Núñez | ||
| 649 | |a XX | ||
| 650 | |a Imperialismo - |z Nicaragua | ||
| 650 | |a Economía - |z Nicaragua - |x Historia - |y Siglo XX | ||
| 650 | |a Política - |z Nicaragua - |x Historia | ||
| 650 | |a Nicaragua - |x Historia - |y Régimen Sandinista, 1979-1990 - |x Tema Principal | ||
| 910 | |a Fondo Carlos Núñez Hurtado | ||
| 920 | |a Impresos - Libros | ||
| 930 | |a Fondos Especiales | ||
| 905 | |a 117 | ||
| 901 | |a 0500287502 |b IT2 |c ESP |i D81133 |u 20250521 | ||
| 902 | |a https://opac.biblio.iteso.mx/vufind/Record/000392658 | ||